Loading...
| Science - Physics | 0 | 5 | 0 | 0 | 50 | 54 | 78.40 | 2 | 3 |
| Science - Chemistry | 0 | 4 | 1 | 1 | 35 | 87 | 109.75 | 0 | 3 |
| Fine Arts - Visual Fine Arts | 0 | 3 | 0 | 1 | 30 | 81 | 97.00 | 0 | 2 |
| Philosophy | 0 | 3 | 1 | 0 | 25 | 84 | 88.33 | 1 | 3 |
| Science - Biology | 0 | 2 | 0 | 0 | 20 | 63 | 93.00 | 0 | 1 |
| History - American History | 0 | 2 | 0 | 0 | 20 | 75 | 93.00 | 1 | 2 |
| Science - Other Science | 1 | 1 | 1 | 0 | 20 | 32 | 65.00 | 0 | 2 |
| Mythology | 0 | 1 | 0 | 0 | 10 | 105 | 105.00 | 0 | 0 |
| History - Other History | 1 | 0 | 1 | 0 | 10 | 66 | 66.00 | 1 | 1 |
| Literature - British Literature | 0 | 1 | 0 | 0 | 10 | 138 | 138.00 | 0 | 0 |
| History - World History | 0 | 1 | 1 | 0 | 5 | 70 | 70.00 | 0 | 1 |
| Literature - European Literature | 0 | 0 | 1 | 0 | -5 | 0.00 | 0 | 0 | |
| Social Science | 0 | 0 | 1 | 0 | -5 | 0.00 | 0 | 0 |